000 00471nam a2200181Ia 4500
008 151202s9999||||xx |||||||||||||| ||und||
082 _bPNVM-83569
100 _aकणेकर शिरीष.
245 _aमोतिया.
260 _b---
260 _c0
300 _a0
600 _aकणेकर शिरीष.
630 _aमोतिया.
700 _aकणेकर शिरीष.
730 _aमोतिया.
942 _cBOOK
999 _c1348392
_d1348389